000 01126nam a22003257a 4500
003 CHAP
005 20220329134513.0
008 971013s1979 r 00010 d
010 _a21297
011 _a22269
035 _a26363
040 _cCHAP
082 _a526.9
_bD7 1979
100 0 0 _aDracup, Joseph F.
_934155
245 _aSurveying instrumentation and coodinate computation workshop lecture notes
250 _a3 ed.
260 _aChurch, Va. :
_bAmerican Congress on Survering and Mapping,
_c1979
300 _a208 p.
_b: ilus.
590 _aBATCH-UPD
_b10
_c20130109
_lUCH01
_h2348
590 _aBATCH-UPD
_b10
_c20130110
_lUCH01
_h0310
590 _aBATCH-UPD
_b10
_c20130409
_lUCH01
_h1919
590 _aBATCH-UPD
_b10
_c20130410
_lUCH01
_h1307
590 _aBATCH-UPD
_b10
_c20130914
_lUCH01
_h1220
590 _aCONVERSION
_b10
_c20130109
_lUCH01
_h1313
650 1 4 _aProcesamiento automático de datos en topografía.
_991815
650 1 4 _aTopografía
_xAparatos e instrumentos.
_9113908
901 _aBK
942 _cLIBRO
949 _a526.9 D7 1979
_bBC
_cLIBRO
_d33724000405767
_eLIBRO
_gI.124672
_h66124
_i26363
_si
999 _c21297
_d21297